Design Thinking (Record no. 47257)

MARC details
000 -LEADER
fixed length control field 00762nam a22001817a 4500
005 - DATE AND TIME OF LATEST TRANSACTION
control field 20260209161131.0
008 - FIXED-LENGTH DATA ELEMENTS--GENERAL INFORMATION
fixed length control field 260209b |||||||| |||| 00| 0 eng d
020 ## - INTERNATIONAL STANDARD BOOK NUMBER
International Standard Book Number 9789353509019
040 ## - CATALOGING SOURCE
Transcribing agency VITAP
082 ## - DEWEY DECIMAL CLASSIFICATION NUMBER
Edition number 23rd Ed.
Classification number 658.4063 AGA
100 ## - MAIN ENTRY--PERSONAL NAME
Personal name Agarwal, Anuja
9 (RLIN) 17047
245 ## - TITLE STATEMENT
Title Design Thinking
Remainder of title : A Framework for Applying Design Thinking in Problem Solving
Statement of responsibility, etc. / Anuja Agarwal
260 ## - PUBLICATION, DISTRIBUTION, ETC.
Place of publication, distribution, etc. New Delhi
Name of publisher, distributor, etc. Cengage Learning India Pvt. Ltd.
Date of publication, distribution, etc. 2025
300 ## - PHYSICAL DESCRIPTION
Extent xvi, Chap. (1.1-11.14), (B.1-B.3), (I.1-I.6), (R.1-R.2)p. : ill. ; 24cm
500 ## - GENERAL NOTE
General note It includes Index Pages.
650 #0 - SUBJECT ADDED ENTRY--TOPICAL TERM
Topical term or geographic name entry element Decision making - Psychological aspects; Management information systems - Design thinking applications; Business planning - Decision making
9 (RLIN) 17048
942 ## - ADDED ENTRY ELEMENTS (KOHA)
Source of classification or shelving scheme Dewey Decimal Classification
Koha item type Text Book
Holdings
Withdrawn status Lost status Source of classification or shelving scheme Materials specified (bound volume or other part) Damaged status Not for loan Collection code Home library Current library Shelving location Date acquired Source of acquisition Cost, normal purchase price Inventory number Total Checkouts Full call number Barcode Date last seen Cost, replacement price Price effective from Koha item type Public note
    Dewey Decimal Classification Paper Back     Reference School of Business & General Section VIT-AP Reference 2026-01-31 Syamala Book Links, Visakhapatnam 550.00 SBL151   658.4063 AGA 025445 2026-02-09 550.00 2026-01-31 Reference Book MGT
    Dewey Decimal Classification Paper Back       School of Business & General Section VIT-AP General Stacks 2026-01-31 Syamala Book Links, Visakhapatnam 550.00 SBL151   658.4063 AGA 025446 2026-02-09 550.00 2026-01-31 Text Book MGT
    Dewey Decimal Classification Paper Back       School of Business & General Section VIT-AP General Stacks 2026-01-31 Syamala Book Links, Visakhapatnam 550.00 SBL151   658.4063 AGA 025447 2026-02-09 550.00 2026-01-31 Text Book MGT

Visitor Number: